A vueltas con Don Quijote : (Registro nro. 185241)

Detalles MARC
000 -LEADER
campo de control de longitud fija 01253nam a2200325 i 4500
001 - NÚMERO DE CONTROL
campo de control 185241
003 - IDENTIFICADOR DE NÚMERO DE CONTROL
campo de control SpMaBN
005 - FECHA Y HORA DE LA ÚLTIMA TRANSACCIÓN
campo de control 20240202063022.0
008 - DATOS DE LONGITUD FIJA--INFORMACIÓN GENERAL
campo de control de longitud fija 160422s2015 sp a |||| | spa d
020 ## - NÚMERO INTERNACIONAL ESTÁNDAR DEL LIBRO
Número Internacional Estándar del Libro 978-84-15006-93-0
040 ## - FUENTE DE CATALOGACIÓN
Centro/agencia transcriptor SpMaBN
080 ## - NÚMERO DE LA CLASIFICACIÓN DECIMAL UNIVERSAL
Número de la Clasificación Decimal Universal 821.134.2-14"19"
080 ## - NÚMERO DE LA CLASIFICACIÓN DECIMAL UNIVERSAL
Número de la Clasificación Decimal Universal 641.568(460.28)(083.12)
100 1# - ENTRADA PRINCIPAL--NOMBRE DE PERSONA
Nombre de persona Campos Monsalve, Julia de,
Fechas asociadas al nombre 1950-
9 (RLIN) 159431
Término indicativo de función/relación Autor
245 10 - MENCIÓN DEL TÍTULO
Título A vueltas con Don Quijote :
Resto del título Don Quijote y alguna de sus andanzas con su orondo escudero Sancho Panza /
Mención de responsabilidad, etc. Julia de Campos Monsalve ; [ilustraciones, de Bernardo Lopesino].
250 ## - MENCION DE EDICION
Mención de edición 1ª ed.
260 ## - PUBLICACIÓN, DISTRIBUCIÓN, ETC.
Lugar de publicación, distribución, etc. Madrid :
Nombre del editor, distribuidor, etc. Poesía Eres Tú,
Fecha de publicación, distribución, etc. 2015.
300 ## - DESCRIPCIÓN FÍSICA
Extensión 96 p. :
Otras características físicas il. ;
Dimensiones 21 cm.
490 1# - MENCIÓN DE SERIE
Mención de serie Poesía eres tú
505 8# - NOTA DE CONTENIDO CON FORMATO
Nota de contenido con formato Contiene: ;
Título Platos de la cocina manchega
650 #4 - PUNTO DE ACCESO ADICIONAL DE MATERIA--TÉRMINO DE MATERIA
Término de materia o nombre geográfico como elemento de entrada Cocina manchega-
Subdivisión general Recetas.
9 (RLIN) 138579
700 1# - ENTRADA AGREGADA--NOMBRE PERSONAL
Nombre de persona Lopesino, Bernardo.
9 (RLIN) 159432
Término indicativo de función/relación Ilustrador
740 02 - ENTRADA AGREGADA--TÍTULO RELACIONADO/ANALÍTICO NO CONTROLADO
Título relacionado o analítico no controlado Platos de la cocina manchega.
830 00 - PUNTO DE ACCESO ADICIONAL DE SERIE-TÍTULO UNIFORME
Título uniforme Poesía eres tú (Madrid)
9 (RLIN) 225373
852 ## - LOCALIZACIÓN
Ubicación ES-MaACL
Número de control de estantería A-13713
itemnumber 192261
Sublocalización o colección R.150461
Ubicación en estantería Depósito 1
Signatura antigua Olim: N-6713
Donativo/Legado Donación: Julia de Campos Monsalve
903 ## - NOMBRE PERSONAL DE DONANTE
9 159431
a Campos Monsalve, Julia de,
d 1950-
e Donante
942 ## - ELEMENTOS DE ENTRADA SECUNDARIOS (KOHA)
Tipo de ítem Koha Libro impreso
Suprimir en OPAC No
Existencias
Estatus retirado Estado de pérdida Fuente del sistema de clasificación o colocación Estado de daño No para préstamo Biblioteca de origen Biblioteca actual Ubicación en estantería Fecha de adquisición Fuente de adquisición Total de préstamos Signatura topográfica completa Código de barras Visto por última vez Tipo de ítem Koha
    Clasificación decimal universal     Biblioteca del Ateneo de Madrid Biblioteca del Ateneo de Madrid Depósito 1 22/04/2016 Donación   A-13713 1195154 23/02/2023 Libro impreso